[Event "Landesliga Nord 1516"]
[Site "Bayern"]
[Date "2015.10.25"]
[Round "2.6"]
[White "Schmitt, Guenther"]
[Black "Krauseneck, Peter"]
[Result "1/2-1/2"]
[WhiteElo "1974"]
[BlackElo "2144"]
[PlyCount "73"]
[EventDate "2015.10.11"]
[EventType "team-tourn"]
[EventRounds "9"]
[EventCountry "GER"]
[SourceTitle "EXT 2018"]
[Source "ChessBase"]
[SourceDate "2017.10.13"]
[SourceVersion "1"]
[SourceVersionDate "2017.10.13"]
[SourceQuality "1"]
[WhiteTeam "Rottendorf"]
[BlackTeam "Bamberg SC"]
[WhiteTeamCountry "GER"]
[BlackTeamCountry "GER"]

1. d4 e6 2. Nf3 f5 3. g3 d5 4. Bg2 Nf6 5. 0-0 Bd6 6. b3 Qe7 7. Bb2 0-0 8. c4 c6 9. Nbd2 Bd7 10. Qc2 Be8 11. Ne5 Bh5 12. Bf3 Qe8 13. a4 Nbd7 14. Rfe1 g5 15. Nxd7 Nxd7 16. Ba3 Bxa3 17. Rxa3 Bxf3 18. exf3 Rf6 19. a5 Qf8 20. Ra4 Rc8 21. Qd3 Nb8 22. Qe3 Rg6 23. f4 g4 24. f3 h5 25. fxg4 hxg4 26. b4 Rc7 27. Qe5 Rh7 28. c5 Rgh6 29. Nf1 Nd7 30. Qe3 Re7 31. Ra2 a6 32. Rae2 Nf6 33. Qd3 Ne4 34. Re3 Reh7 35. R3e2 Qf6 36. Rc2 Rh3 37. Rg2 1/2-1/2

[Event "Regionalliga NW 1415"]
[Site "Bayern"]
[Date "2014.10.19"]
[Round "1.5"]
[White "Schmitt, Guenther"]
[Black "Weck, Hans"]
[Result "1/2-1/2"]
[WhiteElo "1974"]
[BlackElo "1962"]
[PlyCount "42"]
[EventDate "2014.10.19"]
[EventType "team-tourn"]
[EventRounds "9"]
[EventCountry "GER"]
[SourceTitle "EXT 2018"]
[Source "ChessBase"]
[SourceDate "2017.10.13"]
[SourceVersion "1"]
[SourceVersionDate "2017.10.13"]
[SourceQuality "1"]
[WhiteTeam "Rottendorf"]
[BlackTeam "Bad Neustadt"]
[WhiteTeamCountry "GER"]
[BlackTeamCountry "GER"]

1. d4 d6 2. e4 Nf6 3. Nc3 g6 4. Be3 a6 5. a4 Nc6 6. f3 e5 7. Nge2 Bg7 8. Qd2 0-0 9. d5 Nb4 10. a5 c6 11. dxc6 bxc6 12. Nd1 c5 13. Nf2 Bb7 14. g4 Qc7 15. g5 Nh5 16. c3 Nc6 17. b4 Rad8 18. Ng4 d5 19. exd5 Rxd5 20. Qxd5 Nd4 21. Qxc5 Qxc5 1/2-1/2

[Event "Regionalliga NW 1213"]
[Site "Bayern"]
[Date "2012.12.09"]
[Round "4.5"]
[White "Wambach, Juergen"]
[Black "Schmitt, Guenther"]
[Result "1/2-1/2"]
[WhiteElo "1994"]
[BlackElo "1948"]
[PlyCount "66"]
[EventDate "2012.10.14"]
[EventType "team-tourn"]
[EventRounds "9"]
[EventCountry "GER"]
[SourceTitle "EXT 2015"]
[Source "ChessBase"]
[SourceDate "2014.11.20"]
[SourceVersion "1"]
[SourceVersionDate "2014.11.20"]
[SourceQuality "1"]
[WhiteTeam "Klingenberg/Main"]
[BlackTeam "Rottendorf"]
[WhiteTeamCountry "GER"]
[BlackTeamCountry "GER"]

1. c4 Nf6 2. g3 g6 3. Bg2 Bg7 4. Nc3 d6 5. e3 0-0 6. Nge2 Nc6 7. 0-0 e5 8. d3 Be6 9. Nd5 Qd7 10. Nec3 Ne8 11. Rb1 a5 12. Re1 Rb8 13. a3 Ne7 14. Bd2 b6 15. b4 axb4 16. axb4 f5 17. Qc2 Nf6 18. f4 Rfe8 19. Ra1 Bxd5 20. cxd5 exf4 21. gxf4 Ra8 22. Qb3 h6 23. Qc4 Kh7 24. Rxa8 Rxa8 25. e4 Rd8 26. b5 fxe4 27. dxe4 Rf8 28. Ne2 Nh5 29. Rf1 Qg4 30. h3 Qd7 31. Nd4 Bxd4+ 32. Qxd4 Qxb5 33. Kh2 Qc5 1/2-1/2

[Event "Regionalliga NW 0001"]
[Site "Bayern"]
[Date "2001.01.14"]
[Round "4.6"]
[White "Schmitt, Guenther"]
[Black "Wiener, Horst"]
[Result "1/2-1/2"]
[WhiteElo "2005"]
[BlackElo "2015"]
[PlyCount "82"]
[EventDate "2000.10.15"]
[EventType "team-tourn"]
[EventRounds "9"]
[EventCountry "GER"]
[SourceTitle "EXT 2020"]
[Source "ChessBase"]
[SourceDate "2019.10.17"]
[SourceVersion "1"]
[SourceVersionDate "2019.10.17"]
[SourceQuality "1"]
[WhiteTeam "Kitzingen SC"]
[BlackTeam "Schweinfurt Fr"]
[WhiteTeamCountry "GER"]
[BlackTeamCountry "GER"]

1. d4 Nf6 2. Nf3 b6 3. Bf4 Bb7 4. e3 d6 5. h3 Nbd7 6. Nbd2 e6 7. Bh2 Be7 8. c3 0-0 9. Bd3 Re8 10. a4 a5 11. 0-0 Bf8 12. Nc4 Ne4 13. Qc2 f5 14. Nfd2 Ndf6 15. Rae1 Nxd2 16. Nxd2 Qd7 17. e4 fxe4 18. Nxe4 Nxe4 19. Bxe4 Bxe4 20. Rxe4 d5 21. Rh4 g6 22. Be5 Bg7 23. Re1 Bxe5 24. Rxe5 Qf7 25. Rg4 Kh8 26. Qe2 Re7 27. g3 Rae8 28. Rf4 Qg7 29. h4 h6 30. Qf3 Kg8 31. Qe3 Kh7 32. Rg4 Qf6 33. Rf4 Qg7 34. Rf3 Rf7 35. Rxf7 Qxf7 36. f4 h5 37. Kg2 Re7 38. Rg5 Qf6 39. g4 hxg4 40. Kg3 c6 41. Kxg4 Qf5+ 1/2-1/2

[Event "Landesliga Nord 9899"]
[Site "Bayern"]
[Date "1999.03.14"]
[Round "6.4"]
[White "Schmitt, Guenther"]
[Black "Dietrich, Reinhard"]
[Result "1-0"]
[WhiteElo "2015"]
[BlackElo "2094"]
[PlyCount "59"]
[EventDate "1998.10.11"]
[EventType "team-tourn"]
[EventRounds "9"]
[EventCountry "GER"]
[SourceTitle "EXT 2020"]
[Source "ChessBase"]
[SourceDate "2019.10.17"]
[SourceVersion "1"]
[SourceVersionDate "2019.10.17"]
[SourceQuality "1"]
[WhiteTeam "Kitzingen SC"]
[BlackTeam "Neutraubling"]
[WhiteTeamCountry "GER"]
[BlackTeamCountry "GER"]

1. d4 g6 2. Bf4 Bg7 3. e3 d6 4. Nf3 Nd7 5. Bc4 Ngf6 6. Bxf7+ Kf8 7. Bb3 Nb6 8. h3 a5 9. a3 Nfd5 10. Bh2 e6 11. Nbd2 a4 12. Ba2 h6 13. Rc1 Kg8 14. c4 Ne7 15. c5 Nbd5 16. cxd6 cxd6 17. Nc4 Kh7 18. 0-0 Ra6 19. e4 Nf6 20. Nxd6 Rxd6 21. Bxd6 Nc6 22. Be5 Qb6 23. Qe2 Bd7 24. Rfd1 Re8 25. Bb1 Qa7 26. Bxf6 Bxf6 27. e5 Be7 28. Qe4 Rg8 29. d5 Na5 30. Rc7 1-0

[Event "Landesliga Nord 9899"]
[Site "Bayern"]
[Date "1999.02.07"]
[Round "5.4"]
[White "Engelmann, Wolfgang"]
[Black "Schmitt, Guenther"]
[Result "1-0"]
[WhiteElo "2150"]
[BlackElo "2015"]
[PlyCount "97"]
[EventDate "1998.10.11"]
[EventType "team-tourn"]
[EventRounds "9"]
[EventCountry "GER"]
[SourceTitle "EXT 2020"]
[Source "ChessBase"]
[SourceDate "2019.10.17"]
[SourceVersion "1"]
[SourceVersionDate "2019.10.17"]
[SourceQuality "1"]
[WhiteTeam "Fuerth SF"]
[BlackTeam "Kitzingen SC"]
[WhiteTeamCountry "GER"]
[BlackTeamCountry "GER"]

1. e4 c5 2. Nf3 d6 3. c3 Nf6 4. d3 Nc6 5. Be2 g6 6. 0-0 Bg7 7. h3 Rb8 8. Be3 0-0 9. Nbd2 e5 10. d4 b6 11. Bb5 exd4 12. cxd4 Nxd4 13. Nxd4 cxd4 14. Bxd4 Bb7 15. Re1 d5 16. e5 Ne4 17. Rc1 Rc8 18. f3 Nc5 19. Nb3 Qe7 20. Nxc5 bxc5 21. Bc3 Rb8 22. b3 Rfc8 23. Qe2 Qe6 24. Ba5 Bh6 25. Rc2 a6 26. Bd3 Bf4 27. Kf2 Rc6 28. g3 Bh6 29. Kg2 Bg7 30. Kh2 Re8 31. Qf1 Qc8 32. f4 Rce6 33. Rec1 Bf8 34. Bc3 Rc6 35. Bb2 Qd8 36. f5 d4 37. e6 fxe6 38. fxg6 hxg6 39. Bxg6 Re7 40. Rf2 Rg7 41. Bf7+ Kh8 42. Rf6 e5 43. Be6 Be7 44. Rh6+ Rh7 45. Rxh7+ Kxh7 46. Qf7+ Kh8 47. Qh5+ Kg7 48. Rf1 Bf6 49. Qf7+ 1-0

[Event "Landesliga Nord 9899"]
[Site "Bayern"]
[Date "1999.01.17"]
[Round "4.3"]
[White "Polzer, Hans"]
[Black "Schmitt, Guenther"]
[Result "1-0"]
[WhiteElo "2105"]
[BlackElo "2015"]
[PlyCount "95"]
[EventDate "1998.10.11"]
[EventType "team-tourn"]
[EventRounds "9"]
[EventCountry "GER"]
[SourceTitle "EXT 2020"]
[Source "ChessBase"]
[SourceDate "2019.10.17"]
[SourceVersion "1"]
[SourceVersionDate "2019.10.17"]
[SourceQuality "1"]
[WhiteTeam "Cham"]
[BlackTeam "Kitzingen SC"]
[WhiteTeamCountry "GER"]
[BlackTeamCountry "GER"]

1. d4 Nf6 2. Nf3 g6 3. e3 Bg7 4. Be2 0-0 5. 0-0 d6 6. c4 Nbd7 7. Nc3 h6 8. Qc2 c6 9. b4 a5 10. bxa5 Rxa5 11. Bd2 Ra8 12. Rab1 Qc7 13. Rb2 Re8 14. e4 e5 15. d5 Nc5 16. Be3 Nfd7 17. Nd2 Rf8 18. Bg4 Ra3 19. Ndb1 Ra5 20. f3 Nb6 21. Nd2 f5 22. Bh3 f4 23. Bxc5 Rxc5 24. Bxc8 Rxc8 25. Qb3 Nxc4 26. Nxc4 b5 27. Nd2 Qa7 28. Kh1 cxd5 29. Nxd5 Kh7 30. Qd1 Qa3 31. Qb1 h5 32. h3 g5 33. Nb3 g4 34. Nxc5 dxc5 35. hxg4 hxg4 36. Rb3 Qa6 37. fxg4 Qe6 38. Rh3+ Kg6 39. Qxb5 Rf8 40. Qb6 Qxb6 41. Nxb6 Kg5 42. Rc1 Rd8 43. a4 Rd4 44. a5 Rb4 45. Ra1 Rxe4 46. a6 Rb4 47. a7 e4 48. a8Q 1-0

[Event "Oberliga Bayern 9798"]
[Site "Bayern"]
[Date "1998.??.??"]
[Round "?.7"]
[White "Schmitt, Guenther"]
[Black "Limmer, Stefan"]
[Result "1-0"]
[WhiteElo "2017"]
[BlackElo "2135"]
[PlyCount "133"]
[EventDate "1997.10.??"]
[EventType "team-tourn"]
[EventRounds "9"]
[EventCountry "GER"]
[SourceTitle "EXT 2020"]
[Source "ChessBase"]
[SourceDate "2019.10.17"]
[SourceVersion "1"]
[SourceVersionDate "2019.10.17"]
[SourceQuality "1"]
[WhiteTeam "Kitzingen SC"]
[BlackTeam "Pasing"]
[WhiteTeamCountry "GER"]
[BlackTeamCountry "GER"]

1. Nf3 Nf6 2. c4 c5 3. b3 g6 4. Bb2 Bg7 5. e3 0-0 6. a3 d6 7. d3 Nc6 8. Be2 e5 9. 0-0 Ng4 10. Nc3 f5 11. Rb1 f4 12. e4 h5 13. Nd5 Nd4 14. Bxd4 exd4 15. b4 b6 16. bxc5 dxc5 17. a4 Nh6 18. Nd2 Bg4 19. f3 Be6 20. a5 Rb8 21. axb6 axb6 22. Qa4 Kh7 23. Rfc1 Be5 24. Rxb6 Rxb6 25. Qa7+ Rf7 26. Qxb6 Qxb6 27. Nxb6 Ra7 28. Rc2 Nf7 29. Nd5 Nd6 30. Kf2 g5 31. g3 Rf7 32. Rb2 g4 33. gxf4 Rxf4 34. Nxf4 Bxf4 35. Nf1 Nf7 36. Rb6 Ng5 37. fxg4 hxg4 38. Rc6 Nh3+ 39. Ke1 Bd7 40. Ra6 Bc8 41. Ra8 Be6 42. Ra5 Kg7 43. Rxc5 Bd6 44. Rb5 Kf6 45. Ng3 Nf4 46. Bf1 Bd7 47. Rb7 Bc8 48. Rb6 Ke5 49. Rb5+ Ke6 50. Nf5 Be5 51. Rb6+ Kd7 52. Rh6 Kc7 53. Be2 Bd7 54. Rh7 Kd8 55. Kd2 Nxe2 56. Kxe2 Be8 57. Kf2 Ba4 58. Ke1 Bd7 59. Rh4 Kc7 60. Rxg4 Bxh2 61. Rg6 Be5 62. Ne7 Be8 63. Nd5+ Kd8 64. Ra6 Bg3+ 65. Kd2 Bh5 66. Ra8+ Kd7 67. Nf6+ 1-0

[Event "Oberliga Bayern 9798"]
[Site "Bayern"]
[Date "1998.??.??"]
[Round "?.7"]
[White "Schuetz, Guenter"]
[Black "Schmitt, Guenther"]
[Result "1-0"]
[WhiteElo "2073"]
[BlackElo "2017"]
[PlyCount "75"]
[EventDate "1997.10.??"]
[EventType "team-tourn"]
[EventRounds "9"]
[EventCountry "GER"]
[SourceTitle "EXT 2020"]
[Source "ChessBase"]
[SourceDate "2019.10.17"]
[SourceVersion "1"]
[SourceVersionDate "2019.10.17"]
[SourceQuality "1"]
[WhiteTeam "Muenchen FC Bayern"]
[BlackTeam "Kitzingen SC"]
[WhiteTeamCountry "GER"]
[BlackTeamCountry "GER"]

1. f4 c5 2. Nf3 Nf6 3. g3 b6 4. Bg2 Bb7 5. d3 d6 6. f5 Nbd7 7. 0-0 Qc7 8. Nc3 a6 9. Bf4 g6 10. fxg6 hxg6 11. e4 Bg7 12. Qe2 e5 13. Bd2 b5 14. Ng5 0-0 15. Rf2 b4 16. Nd5 Bxd5 17. exd5 Nh7 18. Nxh7 Kxh7 19. Raf1 f5 20. g4 f4 21. g5 Rh8 22. Be4 Nf8 23. h4 Kg8 24. Rh2 Qe7 25. Qg4 Qe8 26. Kf2 Qc8 27. Kf3 Qxg4+ 28. Kxg4 Kf7 29. Ra1 a5 30. a3 Nd7 31. Rhh1 Nb6 32. Ra2 Nd7 33. axb4 axb4 34. Rha1 Rxa2 35. Rxa2 Rd8 36. Ra7 Bf8 37. c3 b3 38. c4 1-0

[Event "Unterfranken-ch M1 46th"]
[Site "Karlburg"]
[Date "1995.??.??"]
[Round "?"]
[White "Kuhn, Norbert"]
[Black "Schmitt, Guenther"]
[Result "1-0"]
[WhiteElo "2082"]
[BlackElo "1998"]
[PlyCount "29"]
[EventDate "1995.04.17"]
[EventType "swiss"]
[EventRounds "9"]
[EventCountry "GER"]
[SourceTitle "EXT 2004"]
[Source "ChessBase"]
[SourceDate "2003.11.25"]
[SourceVersion "1"]
[SourceVersionDate "2003.11.25"]
[SourceQuality "1"]

1. e4 c5 2. c4 Nc6 3. Ne2 g6 4. d4 cxd4 5. Nxd4 Bg7 6. Be3 Nf6 7. Nc3 0-0 8. Be2 d6 9. 0-0 Ng4 10. Bxg4 Bxg4 11. Nxc6 Bxd1 12. Nxd8 Bxc3 13. Rfxd1 Ba5 14. Nxb7 Bc7 15. c5 1-0

[Event "Oberliga Bayern 9495"]
[Site "Bayern"]
[Date "1995.??.??"]
[Round "?.8"]
[White "Schmitt, Guenther"]
[Black "Schuetz, Guenter"]
[Result "1/2-1/2"]
[WhiteElo "2015"]
[BlackElo "2073"]
[PlyCount "121"]
[EventDate "1994.10.09"]
[EventType "team-tourn"]
[EventRounds "9"]
[EventCountry "GER"]
[SourceTitle "EXT 2020"]
[Source "ChessBase"]
[SourceDate "2019.10.17"]
[SourceVersion "1"]
[SourceVersionDate "2019.10.17"]
[SourceQuality "1"]
[WhiteTeam "Nuernberg Noris Tarrasch"]
[BlackTeam "Muenchen FC Bayern II"]
[WhiteTeamCountry "GER"]
[BlackTeamCountry "GER"]

1. Nf3 g6 2. g3 Bg7 3. Bg2 f5 4. d4 Nf6 5. 0-0 d6 6. c4 0-0 7. Nc3 Nc6 8. d5 Ne5 9. Nxe5 dxe5 10. c5 e4 11. Qb3 Kh8 12. Rd1 b6 13. f3 bxc5 14. Bf4 Nh5 15. Be3 f4 16. gxf4 Nxf4 17. Bxf4 exf3 18. e3 fxg2 19. Kxg2 Rb8 20. Qc2 Qd7 21. Rf1 Qg4+ 22. Bg3 Ba6 23. Rf4 Rxf4 24. exf4 Rb4 25. h3 Qf5 26. Qd2 Qd3 27. Rd1 Rd4 28. Qxd3 Rxd3 29. Rxd3 Bxd3 30. Bh4 Bf6 31. Bf2 a6 32. Bxc5 Kg7 33. Ba7 g5 34. Kf3 Bf1 35. fxg5 Bxg5 36. Bb8 Bxh3 37. Bxc7 h5 38. Ne4 Bg4+ 39. Kg3 Bc1 40. Be5+ Kf7 41. Nc5 Be2 42. Kf2 Bc4 43. a4 Bxd5 44. Nxa6 Ke6 45. Bc3 Bc6 46. Nc5+ Kd5 47. Nd3 Bg5 48. Nb4+ Kc5 49. Nxc6 Kxc6 50. Kf3 Kd5 51. a5 e6 52. a6 Kc6 53. b4 Be7 54. b5+ Kb6 55. Bd4+ Kc7 56. Be5+ Kb6 57. Ke4 Bc5 58. Bb8 h4 59. Kf3 Kxb5 60. a7 Bxa7 61. Bxa7 1/2-1/2

[Event "Unterfranken-ch M1 46th"]
[Site "Karlburg"]
[Date "1995.??.??"]
[Round "?"]
[White "Sternheimer, Erhard"]
[Black "Schmitt, Guenther"]
[Result "1/2-1/2"]
[WhiteElo "2038"]
[BlackElo "1998"]
[PlyCount "91"]
[EventDate "1995.04.17"]
[EventType "swiss"]
[EventRounds "9"]
[EventCountry "GER"]
[SourceTitle "EXT 2004"]
[Source "ChessBase"]
[SourceDate "2003.11.25"]
[SourceVersion "1"]
[SourceVersionDate "2003.11.25"]
[SourceQuality "1"]

1. d4 Nf6 2. Nf3 g6 3. Bf4 Bg7 4. e3 0-0 5. Be2 d6 6. h3 c5 7. c3 cxd4 8. exd4 Nd5 9. Bd2 e5 10. dxe5 dxe5 11. Bg5 f6 12. Bc4 Be6 13. Bc1 Nc6 14. 0-0 Na5 15. Be2 Rc8 16. Na3 Qe7 17. Re1 Nb6 18. Qc2 Rfd8 19. Bd3 Nc6 20. Qe2 Qf7 21. b3 Nd5 22. Bd2 Bf8 23. Nc2 a6 24. Rac1 Bc5 25. Rcd1 Re8 26. Qf1 Kg7 27. c4 Ndb4 28. Nxb4 Nxb4 29. Bb1 Nc6 30. Bc3 Rcd8 31. Be4 Qc7 32. Rxd8 Rxd8 33. Rd1 Qb6 34. Rxd8 Nxd8 35. Qe1 Nc6 36. Kf1 Bb4 37. Qd2 Bxc3 38. Qxc3 Qc5 39. Qd2 b5 40. cxb5 axb5 41. Bxc6 Qxc6 42. Qb4 g5 43. Nd2 Qd5 44. a4 bxa4 45. bxa4 h5 46. a5 1/2-1/2